Media Localism : The Policies of Place /

Guardat en:
Dades bibliogràfiques
Autor principal: Ali, Christopher (autor)
Format: Llibre
Idioma:anglès
Publicat: Urbana, EUA : University of Illinois, 2017, c2017
Col·lecció:(The History of Communication)
Matèries:
Accés en línia:Ver documento en línea
Etiquetes: Afegir etiqueta
Sense etiquetes, Sigues el primer a etiquetar aquest registre!

MARC

LEADER 00000nam^a2200000^a^4500
001 000408999
005 20251023000000.0
009 20260310122008.773
022 |a 9780252099168 
037 |a Acervo ITESO - Biblioteca 
041 |a ING 
082 |a 302. 23  |b ALI 
100 |a Ali, Christopher  |e (autor) 
245 1 0 |a Media Localism :  |b The Policies of Place /  |c C. Ali. 
264 4 |a Urbana, EUA :  |b University of Illinois,  |c 2017, c2017 
264 2 |a Birmingham, EUA :  |b EBSCOhost [distribución],  |c 2017 
300 |a 1 libro electrónico en línea (XIV, 254 p.) 
300 |a 1 recurso en línea 
336 |a datos para computadora  |b cod  |2 rdacontenido 
337 |a computadora  |b c  |2 rdamedio 
338 |a recurso en línea  |b cr  |2 rdasoporte 
440 4 |a (The History of Communication) 
506 1 |a 1 licencia 
521 |a 2019 BO Licenciatura en Comunicación y Artes Audiovisuales 
649 |a XX 
650 |a Medios de Comunicación -  |z Canadá -  |x Aspectos Jurídicos 
650 |a Medios de Comunicación -  |z EUA -  |x Aspectos Jurídicos 
650 |a Medios de Comunicación -  |z Gran Bretaña -  |x Aspectos Jurídicos 
650 |a Medios de Comunicación -  |x Aspectos Jurídicos -  |x Tema Principal 
650 |a Comunicación y Política -  |z Canadá 
650 |a Comunicación y Política -  |z EUA 
650 |a Comunicación y Política -  |z Gran Bretaña 
650 |a Comunicación y Política -  |x Tema Principal 
650 |a Política 
650 |a Comunicación 
856 4 0 |u https://ezproxy.iteso.mx/login?url=https://search.ebscohost.com/login.aspx?direct=true&scope=site&db=nlebk&db=nlabk&AN=1425157  |y Ver documento en línea 
910 |a Fondo General 
920 |a Electrónicos - Libros en Línea 
930 |a Plataforma Digital 
905 |a 205 
901 |a 408999-1  |b IT2  |c EBO  |i C163803  |u 20250521 
901 |a 408999-2  |b IT2  |c EBO  |u 20250521 
901 |a 408999-3  |b IT2  |c EBO  |u 20250521 
901 |a 408999-4  |b IT2  |c EBO  |u 20250521 
901 |a 408999-5  |b IT2  |c EBO  |u 20250521 
902 |a https://opac.biblio.iteso.mx/vufind/Record/000408999